000 00762nam a22002177a 4500
999 _c6139
_d6139
005 20260317111234.0
008 260317b ||||| |||| 00| 0 eng d
020 _a9781626721432
040 _cKH8
082 _a567.9
100 _aREED,MK
_eAUTHOR
245 _aSCIENCE COMICS DINOSAURS FOSSILS AND FEATHERS
260 _a120 Broadway,New York,NY 10271
_bFirst Second
_c©2016
300 _a117 pages
_bcolour illustration
_c15cm x 21cm
520 _aThis fascinating look at dinosaur science covers the last 150 years of dinosaur hunting, and illuminates how our ideas about dinosaurs have changed. -Library Thing-
650 _aNon Fiction
655 _aScience and Nature
655 _aPrehistoric
700 _aFlood Joe
_eAuthor
942 _2ddc
_cNFIC